[Event "Asia-ch Amateur"]
[Site "Muscat"]
[Date "2022.10.03"]
[Round "6"]
[White "Khalili, Mehdi"]
[Black "Shahali, Milad"]
[Result "0-1"]
[WhiteElo "1575"]
[BlackElo "1910"]
[PlyCount "124"]
[EventDate "2022.09.29"]
[EventType "swiss"]
[EventRounds "9"]
[EventCountry "OMN"]
[SourceTitle "CBM 210 Extra"]
[Source "ChessBase"]
[SourceDate "2022.11.30"]
[SourceVersion "1"]
[SourceVersionDate "2022.11.30"]
[SourceQuality "1"]

1. d4 Nf6 2. Nf3 b6 3. Bg5 Bb7 4. Nbd2 h6 5. Bxf6 exf6 6. g3 f5 7. Bg2 g6 8. 0-0 Bg7 9. c3 0-0 10. a4 a5 11. Re1 Re8 12. e3 d6 13. Qc2 Nd7 14. Rad1 Qe7 15. c4 Rad8 16. d5 Nc5 17. Nd4 Na6 18. Nc6 Bxc6 19. dxc6 Nb4 20. Qb3 Qe5 21. Nb1 Qxb2 22. Qxb2 Bxb2 23. Nd2 Bc3 24. Re2 Bxd2 25. Rexd2 Re5 26. Bd5 Rde8 27. Kg2 Kg7 28. h3 Kf6 29. Kf3 Na6 30. Kg2 Nc5 31. Ra2 Ne4 32. Rc2 g5 33. Rb1 Kg6 34. Re1 Nf6 35. Rd1 Nxd5 36. cxd5 Re4 37. Ra1 Rb4 38. Rc3 Ree4 39. Rca3 Kf6 40. f4 g4 41. hxg4 fxg4 42. R1a2 Kf5 43. Kf2 Rec4 44. Ke2 Ke4 45. Kf2 Kxd5 46. Ke2 Ke4 47. Kf2 Rxc6 48. Rd2 Rc5 49. Ra1 Rh5 50. Kg2 Rd5 51. Re2 c5 52. Rh1 h5 53. Ra1 Rd3 54. Kf2 Rbb3 55. Rh1 Rxe3 56. Rxe3+ Rxe3 57. Rxh5 Rf3+ 58. Kg2 Ra3 59. f5 Ra2+ 60. Kf1 c4 61. f6 c3 62. Ke1 Ra1+ 0-1

[Event "Asia-ch Amateur"]
[Site "Muscat"]
[Date "2022.10.02"]
[Round "5"]
[White "Salim Issa, Ali Shamas"]
[Black "Khalili, Mehdi"]
[Result "0-1"]
[WhiteElo "1886"]
[BlackElo "1575"]
[PlyCount "160"]
[EventDate "2022.09.29"]
[EventType "swiss"]
[EventRounds "9"]
[EventCountry "OMN"]
[SourceTitle "CBM 210 Extra"]
[Source "ChessBase"]
[SourceDate "2022.11.30"]
[SourceVersion "1"]
[SourceVersionDate "2022.11.30"]
[SourceQuality "1"]

1. d4 Nf6 2. c4 g6 3. Nc3 Bg7 4. e4 d6 5. Nf3 0-0 6. Be2 c5 7. 0-0 Bg4 8. Be3 Bxf3 9. Bxf3 cxd4 10. Bxd4 Nc6 11. Be3 Ne5 12. Be2 Qa5 13. Rc1 Qb4 14. b3 a6 15. f4 Nc6 16. Qd2 Rac8 17. Bf3 Rfd8 18. Rfd1 e5 19. Na4 Qxd2 20. Rxd2 exf4 21. Bxf4 Ne5 22. Bxe5 dxe5 23. Rcd1 Rxd2 24. Rxd2 b5 25. Nb6 Rc6 26. Rd8+ Bf8 27. Nd5 Kg7 28. Nxf6 Rxf6 29. cxb5 axb5 30. Rd5 b4 31. h3 Ra6 32. Be2 Rxa2 33. Bc4 Ra7 34. Kf1 f6 35. Ke2 Kh6 36. Kf3 Kg5 37. g3 h5 38. h4+ Kh6 39. g4 hxg4+ 40. Kxg4 Ra1 41. Rb5 Rg1+ 42. Kh3 Re1 43. Bd5 Re3+ 44. Kg4 Rc3 45. Rb8 Bc5 46. Rc8 Bf2 47. Rh8+ Kg7 48. Rg8+ Kh7 49. Rxg6 Kxg6 50. h5+ Kg7 51. Kf5 Rf3+ 52. Ke6 Rh3 53. Kd6 Rxh5 54. Kc6 Bd4 55. Kb5 Bc3 56. Kc6 Rh8 57. Kd7 Rh1 58. Ke6 Rd1 59. Kf5 Ra1 60. Bc4 Ra5 61. Bd5 Ra6 62. Bc4 Rb6 63. Bd5 Kf8 64. Bc4 Ke7 65. Bd5 Rd6 66. Bc4 Rd4 67. Bg8 Bd2 68. Bd5 Rxd5 69. exd5 Kd6 70. Ke4 f5+ 71. Kxf5 Kxd5 72. Kg4 Kd4 73. Kf3 Kd3 74. Kf2 e4 75. Kf1 e3 76. Kg2 e2 77. Kf3 e1Q 78. Kg4 Ke4 79. Kh5 Qg1 80. Kh4 Kf3 0-1